Over/Under Australia Quiz (Read Game Note) Stats

 Plays Quiz not verified by Sporcle

Challenge
Share
Tweet
Embed
Score 0/30 Timer 03:00
0 Plays Today
Fact and Number Over or Under? % Correct
States in Australia: 7???
92.6%
Population of Australia as of 13 July 2012: 24,225,303???
68.5%
Distance from Perth to Darwin BY ROAD: 3,500km???
66.7%
Number of times Australia has held the Summer Olympic Games: 3???
66.7%
Number of electorates in the House of Representatives: 220???
66.7%
Approximate area of the Great Barrier Reef: 276,000 square kilometres???
66.7%
Number of times Queensland has beat New South Wales in State of Origin, since 2005: four???
64.8%
Number of runs scored by Don Bradman in test cricket in his career: 5,604???
55.6%
Number of Islands in Australia's maritime border: 6,983???
55.6%
Number of facebook users in Australia: 12,694,403???
55.6%
Population of the ACT: 280,000???
55.6%
Age of Kevin Rudd as of 13 July 2012: 57???
53.7%
Number of Australians declaring 'Jedi' as their religion in the 2011 census: 37,000???
53.7%
Online Apple price for a 32GB Wifi only Black iPad: $689???
53.7%
Estimated number of Koalas in Australia (2008): ~220,000???
51.9%
Fact and Number Over or Under? % Correct
Height of Sydney Tower (to top of antenna): 270m???
50%
Number of divorces in Australia in 2010: 41,260???
50%
Number of seats held by the Labor party in Queensland's lower house: 10???
50%
Number of medals won by Australia in the 2000 Olympics: 52???
50%
Number of trams in Melbourne's Yarra Trams fleet: 576???
48.1%
Number of books written by Chopper Read: 9???
48.1%
Number of formal votes cast in the 2010 Federal Election for the Communist Alliance Party in the Senate: 13,503???
48.1%
Elevation of the highest point of Mt Kosciuszko: 2,532m???
48.1%
Passenger traffic from Sydney at Melbourne Airport in 2011 FY: 6,960,395???
44.4%
Number of bioregions in Australia (NRS): 95???
44.4%
Number of words in Advance Australia Fair (first verse only): 80???
44.4%
Approximate number of coaches, athletes and officials registered under Athletics Australia: ~45,000???
42.6%
Record high temperature for the month of June (any year) in Hobart: 22C???
40.7%
Median age of Australians, 2010: 39???
40.7%
Number of Standby Reserves in the Australian Army: 14,346???
38.9%

You're not logged in!

Compare scores with friends on all Sporcle quizzes.
Join for Free
OR
Log In

You Might Also Like...

Show Comments

Extras

Created Jul 13, 2012ReportNominate
Tags:actual, australia, note, Over Under, read, under

Top Quizzes Today


Score Distribution

Your Account Isn't Verified!

In order to create a playlist on Sporcle, you need to verify the email address you used during registration. Go to your Sporcle Settings to finish the process.

Report this User

Report this user for behavior that violates our Community Guidelines.

Details: